000 00773nam a2200253 a 4500
008
020 _a0751737488 (pbk.)
049 _aMAIN
090 _aHG186.G7 CHA
100 1 _aChartered Institute of Management Accountants
245 1 0 _aManagement accounting fundamentals :
_bFoundation paper 2 /
_cCIMA
250 _a2nd ed.
260 _aLondon :
_bBPP,
_c2002.
300 _axxiii, 390 p. ;
_c30 cm.
440 _aCIMA Study text.
500 _aIncludes index.
650 _aChartered Institute of Management Accountants
_xExam
_vStudy text.
650 1 _aManagement accounting
907 _a.b10233350
_b05-12-13
_c20-02-07
003
005 20230123134408.0
040 _cNUST
942 _cBOOKS
_kHG186.G7 CHA
999 _c165176
_d165176